[Event "Oviedo rapid"]
[Site "Oviedo"]
[Date "1993.??.??"]
[Round "8"]
[White "Foisor, Cristina Adela B"]
[Black "Barlov, Dragan"]
[Result "0-1"]
[WhiteElo "2360"]
[BlackElo "2495"]

1.c4 g6 2.g3 Bg7 3.Bg2 Nf6 4.Nf3 O-O 5.O-O d6 6.Nc3 c6 7.Rb1 d5 8.cxd5 cxd5
9.d3 d4 10.Ne4 Nxe4 11.dxe4 Nc6 12.Ne1 Be6 13.a3 Qc8 14.Nd3 Bh3 15.Bd2 Bxg2
16.Kxg2 e5 17.Nb4 f5 18.Qb3+ Kh8 19.exf5 Qxf5 20.Nxc6 bxc6 21.Qc4 e4 22.Bb4 Rfd8
23.Rbd1 a5 24.Bc5 d3 25.b4 axb4 26.axb4 h5 27.exd3 exd3 28.Rfe1 Ra3 29.Qe6 d2
30.Re3 Qxe6 31.Rxe6 Ra1 32.Rxd2 Rxd2 33.Rxg6 Bd4 34.Bxd4+ Rxd4 35.Rxc6 Kg7
36.Rc7+ Kf6 37.Rc6+ Ke7 38.Rc7+ Kd6 39.Rh7  0-1

[Event "WchT U26"]
[Site "Paranana"]
[Date "1993.??.??"]
[Round "?"]
[White "Hauchard, Arnaud"]
[Black "Agamaliev, Djamil"]
[Result "0-1"]
[WhiteElo "2450"]
[BlackElo "2360"]

1.Nf3 Nf6 2.c4 g6 3.g3 Bg7 4.Bg2 O-O 5.O-O d6 6.d4 c6 7.Nc3 Qa5 8.e4 Qh5
9.e5 dxe5 10.Nxe5 Ng4 11.Nf3 Na6 12.Re1  0-1

[Event "Pardubice op"]
[Site "Pardubice"]
[Date "1993.??.??"]
[Round "7"]
[White "Sergeev, Vladimir"]
[Black "Horak, Michal"]
[Result "1-0"]
[WhiteElo "2440"]
[BlackElo "2310"]

1.Nf3 Nf6 2.g3 g6 3.Bg2 Bg7 4.c4 O-O 5.O-O d6 6.Nc3 c5 7.d4 Nc6 8.d5 Na5
9.Nd2 a6 10.Rb1 Rb8 11.b3 b5 12.cxb5 axb5 13.b4 cxb4 14.Rxb4 Bd7 15.Bb2 Qc7
16.Qb1 Nc4 17.Nxc4 bxc4 18.Ba1 Rxb4 19.Qxb4 Rb8 20.Qa3 Ne8 21.Rc1 Qb6 22.Nd1 Bxa1
23.Rxa1 Nc7 24.Qc1 Qc5 25.Nc3 Nb5 26.Ne4 Qc7 27.e3 f5 28.Nc3 Qc5 29.Rb1 Ra8
30.Bf1 Nxc3 31.Qxc3 Bb5 32.Rb2 Ra3 33.Qb4 Ba6 34.Qb8+ Kg7 35.Qe8 Qc7 36.Rb8 Kh6
37.Qf8+ Kg5 38.Be2  1-0

[Event "Pardubice op"]
[Site "Pardubice"]
[Date "1993.??.??"]
[Round "8"]
[White "Jurka, Miroslav"]
[Black "Dobrowolski, Piotr"]
[Result "1-0"]
[WhiteElo "2340"]
[BlackElo "2240"]

1.Nf3 Nf6 2.c4 g6 3.g3 Bg7 4.Bg2 O-O 5.Nc3 d6 6.d4 c6 7.O-O Qa5 8.h3 e5 9.e4 exd4
10.Nxd4 Qc5 11.Nc2 Ne8 12.Ne3 Bxc3 13.bxc3 Be6 14.Rb1 Nd7 15.Rxb7 Nb6 16.Ng4 Bxg4
17.Qxg4 Nxc4 18.Bh6 Ng7 19.Qf4 Ne5 20.Rd1 Nh5 21.Qe3 Qxe3 22.Bxe3 Nc4 23.Bxa7 Rfc8
24.Rd4 Na5 25.Rd7 Nf6 26.R7xd6 Ne8 27.Rd7 Nf6 28.Re7 c5 29.Ra4 Nc6 30.Rb7 Nd8
31.Rb5 Nc6 32.e5 Nd7 33.Rb7 Ndxe5 34.f4 Nd3 35.Bd5 Kh8 36.Rxf7  1-0

[Event "Paris-ch"]
[Site "Paris"]
[Date "1993.??.??"]
[Round "2"]
[White "Anic, Darko"]
[Black "Giaccomazzi, Dominique"]
[Result "1-0"]
[WhiteElo "2415"]
[BlackElo "2245"]

1.Nf3 Nf6 2.c4 g6 3.g3 Bg7 4.Bg2 O-O 5.O-O d6 6.d4 Nc6 7.Nc3 e5 8.d5 Ne7
9.c5 Ne8 10.cxd6 cxd6 11.e4 f5 12.Qb3 h6 13.Be3 b6 14.a4 Nf6 15.Nxe5 fxe4
16.Nc6 Qe8 17.Nxe4 Nxe4 18.Bxe4 Nf5 19.Bg2 Nxe3 20.fxe3 Ba6 21.Rxf8+ Qxf8
22.a5 bxa5 23.Rxa5 Be2 24.Qc2 Bh5 25.b4 Qf6 26.h3 g5 27.Ra3 Bg6 28.Qf2  1-0

[Event "Paris-ch"]
[Site "Paris"]
[Date "1993.??.??"]
[Round "5"]
[White "Gollain, Marc"]
[Black "Jojic, Oliver"]
[Result "1-0"]
[WhiteElo "2285"]
[BlackElo "2210"]

1.c4 Nf6 2.Nf3 g6 3.g3 Bg7 4.Bg2 O-O 5.O-O d6 6.Nc3 c5 7.a3 Nc6 8.Rb1 Bf5
9.d3 Qd7 10.Re1 Bh3 11.Bh1 h6 12.b4 Ng4 13.Nd5 g5 14.bxc5 dxc5 15.Bxg5 hxg5
16.Nxg5 Nxf2 17.Kxf2 Qf5+ 18.Nf3 e6 19.Nf4 Ne5 20.Nxe5 Bxe5 21.Be4 Qf6 22.e3 Bc3
23.Rg1 Kg7 24.Qf3 Rh8 25.Rxb7 Bf5 26.Bxf5 Qxf5 27.h4 Bf6 28.Ke2 Rad8 29.g4 Qe5
30.Nh5+ Kg6 31.Qxf6+ Qxf6 32.Nxf6 Kxf6 33.Rf1+ Ke5 34.h5 f5 35.gxf5 Rxh5
36.fxe6 Rh2+ 37.Rf2 Rxf2+ 38.Kxf2 Kxe6 39.Rxa7  1-0

[Event "RUS-chT"]
[Site "Podolsk"]
[Date "1993.??.??"]
[Round "?"]
[White "Zhidkov, Valery S"]
[Black "Yandemirov, Valeri"]
[Result "1/2-1/2"]
[WhiteElo "2420"]
[BlackElo "2465"]

1.Nf3 Nf6 2.c4 g6 3.g3 Bg7 4.Bg2 O-O 5.O-O c6 6.d4 d5 7.cxd5 cxd5 8.Ne5 e6
9.Nc3 Nfd7 10.f4 f6 11.Nxd7 Qxd7 12.Be3 Nc6 13.Qd2 f5 14.Rac1 b6 15.Bf2 Ba6
16.Rfd1 Rfc8 17.h3 Na5 18.b3 Rc7 19.Nb1 Rac8 20.Bf3 Nc6 21.Kg2 Bf8 22.Qb2 Bd6
23.Rc3 Qg7 24.h4 h6 25.Be3 Qe7 26.Rdc1 Kf7 27.Kf2 b5 28.Rd1 b4 29.Rcc1 Bb5
30.Qd2 h5 31.Rc2 a5 32.Rdc1 Ba6 33.Ke1 Na7 34.Rxc7 Rxc7 35.Rxc7 Qxc7 36.Bf2 Nb5
37.Kd1 Be7 38.e3 Nd6 39.Qc2 Qb6 40.Be2 Bxe2+ 41.Kxe2 Ne4 42.Be1 Qb5+ 43.Qd3 Qc6
44.Kd1 a4 45.Qc2 axb3 46.axb3 Qa6 47.Qe2 Qa1 48.Kc1 Kf6 49.Qc2 Qa6 50.Kd1 Kg7
51.Qe2 Qa1 52.Kc1 Kf7 53.Qc2 Qa6 54.Kd1 Qf1 55.Qe2 Qg1 56.Kc2 Nxg3 57.Qf2 Qxf2+
58.Bxf2 Ne4 59.Be1 Nf6 60.Nd2 Ng4 61.Nf3 Nxe3+ 62.Kd3 Ng4 63.Ng5+ Kf6 64.Nh7+ Kg7
65.Ng5 Bd6 66.Nxe6+ Kf6 67.Nd8 Bxf4 68.Nc6 Ke6 69.Nxb4 Bd6 70.Ke2 Bxb4 71.Bxb4 g5
72.Be1 gxh4 73.Bxh4 Nf6  1/2-1/2

[Event "Rubinstein mem"]
[Site "Polanica Zdroj"]
[Date "1993.??.??"]
[Round "9"]
[White "Hickl, Joerg"]
[Black "Markowski, Tomasz"]
[Result "1-0"]
[WhiteElo "2570"]
[BlackElo "2465"]

1.g3 g6 2.Bg2 Bg7 3.c4 Nf6 4.Nf3 O-O 5.O-O d6 6.Nc3 Nc6 7.Rb1 a5 8.a3 e5
9.d3 h6 10.b4 axb4 11.axb4 Be6 12.b5 Ne7 13.Nd2 Rb8 14.Ba3 Qd7 15.Re1 b6
16.Nf3 Rbe8 17.Bb2 Bh3 18.Bh1 Ng4 19.Qb3 Kh7 20.Ra1 f5 21.Qc2 Rf7 22.Ra7 e4
23.dxe4 Bxc3 24.Qxc3 fxe4 25.Nd2 Nc8 26.Raa1 Nxf2 27.Nxe4 Ng4 28.Bf3 Ne5
29.Rad1 Ref8 30.Nd2 Ne7 31.Ra1 Nf5 32.Bd5 Re7 33.Nf3 Ng7 34.Qd2 Ng4 35.Ra3 Qf5
36.Rd3 Ne5 37.Re3 Rfe8 38.Nxe5 dxe5 39.Rf3 Qd7 40.e4 Qd6 41.Qf2 Qd8 42.Rf6 Be6
43.Rf1 Bxd5 44.cxd5 Rg8 45.Ba3 Rd7 46.Qe3 Ne8 47.Bf8 Ng7 48.Qc3 Qe8 49.Bb4 Rd8
50.Qc6 Qd7 51.Rxg6 Qxc6 52.Rxc6 Ne8 53.Rf5 Rg5 54.Rf7+ Rg7 55.Rxg7+ Nxg7
56.Bc3  1-0

[Event "Porz Citroen-Cup"]
[Site "Porz"]
[Date "1993.??.??"]
[Round "1"]
[White "Kengis, Edvins"]
[Black "Watson, William N"]
[Result "1/2-1/2"]
[WhiteElo "2560"]
[BlackElo "2550"]

1.Nf3 Nf6 2.g3 g6 3.Bg2 Bg7 4.c4 O-O 5.Nc3 d6 6.d4 Nc6 7.O-O e5 8.h3 h6 9.Be3 Re8
10.dxe5 dxe5 11.Qc1 Kh7 12.Rd1 Bd7 13.Kh2 Qc8 14.Nd5 Nxd5 15.cxd5 Ne7 16.Bc5 e4
17.Nd2 Nxd5 18.Nxe4 Bc6 19.Bd4 Qf5 20.Bxg7 Kxg7 21.Rd4 Re7 22.Qd2 Rae8 23.f3 Nb6
24.Nc3 a5 25.e4 Qc5 26.Rc1 Qh5 27.f4 Rd7 28.Rxd7 Nxd7 29.Qd4+ Kg8 30.e5 Bxg2
31.Kxg2 Nf8 32.Nd5 Qe2+ 33.Qf2 Qxf2+ 34.Kxf2 Rd8 35.Nf6+ Kg7 36.Ke3 Ne6 37.g4 b6
38.Ne4 g5 39.f5 Nf4 40.Nf6 c5 41.Rc3  1/2-1/2

[Event "Ptuj-B"]
[Site "Ptuj"]
[Date "1993.??.??"]
[Round "6"]
[White "Velickovic, Zoran"]
[Black "Tasic, Branislav"]
[Result "1/2-1/2"]
[WhiteElo "2285"]
[BlackElo "2245"]

1.Nf3 Nf6 2.g3 g6 3.c4 Bg7 4.Bg2 O-O 5.d4 d6 6.O-O c5 7.Nc3 Nc6 8.dxc5 dxc5
9.Bf4 Bd7 10.Ne5 Nxe5 11.Bxe5 Qc8 12.Bxf6 Bxf6 13.Nd5 Bc6 14.Nxf6+ exf6 15.Bxc6 Qxc6
16.Qc2 Rad8  1/2-1/2

[Event "Pula tt"]
[Site "Pula"]
[Date "1993.??.??"]
[Round "?"]
[White "Dizdar, Goran"]
[Black "Ljubicic, Filip"]
[Result "1-0"]
[WhiteElo "2490"]
[BlackElo "2335"]

1.Nf3 Nf6 2.g3 g6 3.Bg2 Bg7 4.c4 O-O 5.d4 d6 6.O-O Nc6 7.Nc3 a6 8.Bg5 h6
9.Bd2 Bg4 10.b3 Qc8 11.d5 Nd8 12.Ne1 Bh3 13.Nd3 Bxg2 14.Kxg2 e5 15.e4 Nh5
16.Qe2 Qd7 17.c5 Qe8 18.Na4 f5 19.f3 Nf7 20.Rac1 Rc8 21.Rc2 Nf6 22.Rfc1 Rb8
23.cxd6 cxd6 24.Nb6 Ng5 25.Nf2 Qd8 26.Ba5 Ne8 27.Rc8 Rxc8 28.Rxc8 Qe7 29.Bd2 fxe4
30.fxe4 Nf3 31.Be3 h5 32.Nc4 Kh7 33.Nd2 Nd4 34.Bxd4 exd4 35.Nf3 Rf7 36.Qd3 Nc7
37.Nh3 Bf6 38.Nf4 Be5 39.Ne2 Qf6 40.h4 Nb5 41.Ng5+ Kg7 42.Nxf7 Qxf7 43.a4 Nc3
44.Nxd4 Nxd5 45.Nf3 Qd7 46.Rc1 Bf4 47.exd5  1-0

[Event "CRO-Cup"]
[Site "Pula"]
[Date "1993.??.??"]
[Round "6"]
[White "Romanishin, Oleg M"]
[Black "Fercec, Nenad"]
[Result "1-0"]
[WhiteElo "2615"]
[BlackElo "2385"]

1.Nf3 Nf6 2.c4 g6 3.g3 Bg7 4.Bg2 O-O 5.d4 d5 6.cxd5 Nxd5 7.O-O Nb6 8.Nc3 Nc6
9.d5 Na5 10.Qc2 Nxd5 11.Rd1 c6 12.e4 Nb4 13.Qa4 b5 14.Rxd8 bxa4 15.Rxf8+ Kxf8
16.Nxa4 Nd3 17.Bf1 Bg4 18.Bxd3 Bxf3 19.Be3 Rd8 20.Bf1 Bxe4 21.Re1 Bc2 22.b3 Bf5
23.Bxa7 Rd2 24.Bc5 Be6 25.Bb4 Rxa2 26.Bxa5 Bd4 27.Bb6 Rxa4 28.bxa4 Bxb6 29.Rb1  1-0

[Event "CRO-Cup"]
[Site "Pula"]
[Date "1993.??.??"]
[Round "8"]
[White "Gyorkos, Lajos"]
[Black "Biliskov, Vjekoslav"]
[Result "1/2-1/2"]
[WhiteElo "2435"]
[BlackElo "2305"]

1.Nf3 Nf6 2.g3 g6 3.Bg2 Bg7 4.c4 O-O 5.d4 d6 6.O-O Nbd7 7.Qc2 e5 8.Rd1 Re8
9.Nc3 c6 10.e4 Qe7 11.dxe5 dxe5 12.h3 Nh5 13.Be3 Nf8 14.c5 f5 15.Ne2 f4 16.Bd2 Bf6
17.b4 g5 18.Bc3 fxg3 19.fxg3 g4 20.hxg4 Bxg4 21.Rd6 Qg7 22.Rad1 Bxf3 23.Bxf3 Nxg3
24.Nxg3 Qxg3+ 25.Qg2 Qxg2+ 26.Kxg2 Kg7 27.Bh5 Re7 28.Rf1 Re6 29.Rd3 Ng6 30.Bxg6 Kxg6
31.Rg3+ Kf7 32.Rh1 Rh8 33.Rh6 Bd8 34.Rf3+ Ke7 35.Rh5 Bc7 36.Rff5 h6 37.Bxe5 Bxe5
38.Rxe5 Rxe5 39.Rxe5+ Kf6 40.Rf5+ Kg6 41.Re5 Rh7 42.Kg3 Rd7 43.Kf4 Rf7+ 44.Kg4 a6
45.a3 Rf6 46.Re7 h5+ 47.Kh4 Rf4+ 48.Kg3 Rf7 49.Re6+ Kg5 50.Re5+ Kg6 51.Re8 Kh6
52.e5 Kg5 53.e6 h4+ 54.Kg2 Rh7 55.Rf8 Re7 56.Rf7 Rxe6 57.Rxb7 Re2+ 58.Kg1 Ra2
59.Rb6 Rxa3 60.Rxc6 Kf5  1/2-1/2

[Event "Reykjavik op"]
[Site "Reykjavik"]
[Date "1993.??.??"]
[Round "2"]
[White "McNab, Colin Anderson"]
[Black "Jonsson, Bjorgvin"]
[Result "1-0"]
[WhiteElo "2490"]
[BlackElo "2400"]

1.Nf3 Nf6 2.c4 g6 3.g3 Bg7 4.Bg2 O-O 5.O-O d6 6.d4 c5 7.Nc3 Nc6 8.dxc5 dxc5
9.Be3 Be6 10.Rc1 Bxc4 11.Qa4 Be6 12.Bxc5 Nd7 13.Be3 Nb6 14.Qh4 f6 15.Rfd1 Qe8
16.Nb5 Qf7 17.Nc7 Rad8 18.Nxe6 Qxe6 19.b3 Nd5 20.Qc4 Nc7 21.Qc5 b6 22.Qc2 Rxd1+
23.Rxd1 Rc8 24.Ng5 Nb4 25.Qxc7 fxg5 26.Rd8+ Rxd8 27.Qxd8+ Bf8 28.a3 Qxb3
29.axb4 Qxb4 30.Qd5+ Kg7 31.Qe5+  1-0

[Event "LAT-ch"]
[Site "Riga"]
[Date "1993.??.??"]
[Round "?"]
[White "Fridman, Daniel"]
[Black "Krakops, Maris"]
[Result "1/2-1/2"]
[WhiteElo "2380"]
[BlackElo "2295"]

1.Nf3 Nf6 2.c4 g6 3.g3 Bg7 4.Bg2 O-O 5.d4 d6 6.O-O Nbd7 7.Nc3 e5 8.h3 c6
9.e4 Qb6 10.Re1 exd4 11.Nxd4 Ne8 12.Nf3 Nc5 13.Qe2 a5 14.Be3 a4 15.Bd4 Be6
16.Rac1 Qb4 17.Bf1 Nf6 18.Qe3 Ncd7 19.Nb1 Rfe8 20.Qc3 Qxc3 21.Nxc3 Ra5 22.Rcd1 Ne5
23.Nxe5 dxe5 24.Bb6 Raa8 25.Bc7 Nd7 26.Nd5 Bf8 27.Nb6 Nxb6 28.Bxb6 Rec8 29.Be3 Bb4
30.Bd2 Bxd2 31.Rxd2 Kf8 32.Red1 Ke7 33.Kg2 h5 34.Kf3 Rh8 35.Ke3 h4 36.g4 Rad8
37.Rxd8 Rxd8 38.Rxd8 Kxd8 39.f4 f6 40.fxe5 fxe5 41.Kd3 Ke7 42.g5 a3 43.b3 Kd6  1/2-1/2

[Event "LAT-ch"]
[Site "Riga"]
[Date "1993.??.??"]
[Round "?"]
[White "Fridman, Daniel"]
[Black "Vitolinsh, Alvis"]
[Result "1-0"]
[WhiteElo "2380"]
[BlackElo "2435"]

1.Nf3 Nf6 2.c4 g6 3.g3 Bg7 4.Bg2 O-O 5.d4 c5 6.O-O cxd4 7.Nxd4 Nc6 8.Nc3 Nxd4
9.Qxd4 d6 10.Bd2 Be6 11.Qd3 Nd7 12.b3 b5 13.Nxb5 d5 14.cxd5 Ne5 15.Qe4 Bf5
16.Qf4 Qb6 17.Bc3 Qxb5 18.Bxe5 f6 19.Bd4 Rad8 20.Bxa7 Rd7 21.Qe3  1-0

[Event "ROM-chT"]
[Site "ROM"]
[Date "1993.??.??"]
[Round "3"]
[White "Barbulescu, Dan"]
[Black "Dragomirescu, Calin"]
[Result "1/2-1/2"]
[WhiteElo "2405"]
[BlackElo "2230"]

1.Nf3 Nf6 2.c4 g6 3.g3 Bg7 4.Bg2 O-O 5.O-O d6 6.Nc3 c6 7.d3 a6 8.Ne1 d5 9.cxd5 cxd5
10.d4 Nc6 11.Bg5 Be6 12.Bxf6 Bxf6 13.e3 h5 14.Nd3 Bg4 15.Qb3 e6 16.Qxb7 Na5
17.Qb4 Nc4 18.b3 Be7 19.Qa4 Bf5 20.Nc5 Nb2 21.Qa3 Nd3 22.b4 a5 23.b5 Nxc5
24.dxc5 Rc8 25.Na4 Bc2 26.Rac1 Bxa4 27.Qxa4 Bxc5 28.Qf4 Qb6 29.a4 Ba3 30.Ra1 Bb2
31.Rab1 Rc4 32.e4 Bg7 33.Rfc1 Rfc8 34.Qd2 dxe4 35.Bxe4 Kh7 36.Rxc4 Rxc4 37.Qe2 Rxa4
38.Qxh5+ Kg8 39.Qe2 Rb4 40.Rxb4 axb4  1/2-1/2

[Event "Sala op"]
[Site "Sala"]
[Date "1993.??.??"]
[Round "2"]
[White "Konopka, Michal"]
[Black "Balogh, Pal"]
[Result "1-0"]
[WhiteElo "2380"]
[BlackElo "2080"]

1.Nf3 Nf6 2.c4 g6 3.g3 Bg7 4.Bg2 O-O 5.O-O d6 6.d4 c5 7.dxc5 dxc5 8.Nc3 Nc6
9.Be3 Be6 10.Qa4 Nd7 11.Rfd1 Qc8 12.Nd5 Re8 13.Rd2 b5 14.cxb5 Bxd5 15.bxc6 Bxc6
16.Qa3 Rb8 17.Rad1 Qb7 18.b3 Nf6 19.Ne1 Bxg2 20.Nxg2 Ne4 21.Rc2 Rec8 22.Qc1 Rc7
23.Bf4 e5 24.Bh6 Rbc8 25.Bxg7 Kxg7 26.Ne3 Rd7 27.f3 Rxd1+ 28.Qxd1 Nf6 29.Rd2 Rc7
30.Nc4 e4 31.Rd6 exf3 32.Qa1  1-0

[Event "Sala op"]
[Site "Sala"]
[Date "1993.??.??"]
[Round "8"]
[White "Pcola, Pavel"]
[Black "Sale, Srdjan"]
[Result "1/2-1/2"]
[WhiteElo "2275"]
[BlackElo "2390"]

1.c4 Nf6 2.g3 g6 3.Bg2 Bg7 4.Nf3 O-O 5.O-O d6 6.d4 c6 7.Nc3 Qa5 8.a3 Be6
9.b3 d5 10.b4 Qd8 11.cxd5 cxd5 12.Bf4 Bf5 13.Ne5  1/2-1/2

[Event "Silvaplana SKA op"]
[Site "Silvaplana"]
[Date "1993.??.??"]
[Round "?"]
[White "Cesareo, Fabio"]
[Black "Chiong, Luiz"]
[Result "0-1"]
[WhiteElo "2070"]
[BlackElo "2390"]

1.c4 Nf6 2.Nf3 g6 3.g3 Bg7 4.Bg2 O-O 5.O-O d6 6.d3 Nbd7 7.Nc3 e5 8.Ne1 Re8
9.Nc2 Nf8 10.Rb1 h5 11.h4 N6h7 12.Ne4 Ne6 13.Nc3 f5 14.b4 Rf8 15.b5 Kh8 16.Bd2 f4
17.Nd5 Bd7 18.Ncb4 Qe8 19.e3 c6 20.Nc3 g5 21.bxc6 bxc6 22.exf4 exf4 23.Re1 gxh4
24.Ne4 Qg6 25.Nxd6 hxg3 26.fxg3 f3 27.Bxf3 Qxg3+ 28.Bg2  0-1

[Event "St Martin op"]
[Site "St Martin"]
[Date "1993.??.??"]
[Round "3"]
[White "Arnason, Jon L"]
[Black "Werner, Dimo"]
[Result "1-0"]
[WhiteElo "2535"]
[BlackElo "2375"]

1.c4 Nf6 2.Nf3 g6 3.g3 Bg7 4.Bg2 O-O 5.d4 d6 6.Nc3 Nc6 7.h3 e5 8.Be3 exd4
9.Nxd4 Ne5 10.b3 Re8 11.Qd2 a6 12.Rd1 Qe7 13.O-O Qf8 14.Rfe1 Rb8 15.f4 Ned7
16.Bf2 Nc5 17.e4 c6 18.b4 Ne6 19.Nde2 Rd8 20.g4 d5 21.cxd5 Qxb4 22.Qc1 Nf8
23.e5 Ne8 24.Ng3 Bd7 25.f5 Rdc8 26.Qe3 Nc7 27.Rd4 Qa3 28.Ra4 Qb2  1-0

[Event "St Martin op"]
[Site "St Martin"]
[Date "1993.??.??"]
[Round "6"]
[White "Burger, Karl"]
[Black "Renet, Olivier"]
[Result "0-1"]
[WhiteElo "2330"]
[BlackElo "2535"]

1.Nf3 Nf6 2.c4 g6 3.g3 Bg7 4.Bg2 O-O 5.O-O d6 6.d4 Nbd7 7.Qc2 e5 8.Rd1 Qe7
9.Nc3 c6 10.dxe5 dxe5 11.e4 Nh5 12.b3 Re8 13.h3 Bf6 14.Be3 Ng7 15.Na4 Ne6
16.c5 Ndf8 17.Nb2 Ng5 18.Nxg5 Bxg5 19.Qd2 Bxe3 20.Qxe3 Ne6 21.Rac1 f6 22.Nc4 Rd8
23.Nd6 Nd4 24.h4 Bg4 25.f3 Be6 26.Rd2 b6 27.b4 a5 28.Nc4 Bxc4 29.Rxc4 b5
30.Rc1 axb4 31.Rb2 Ra3 32.Qf2 Rc3  0-1

[Event "St Petersburg op"]
[Site "St Petersburg"]
[Date "1993.??.??"]
[Round "?"]
[White "Shchekachev, Andrei"]
[Black "Petrushin, Alexander I"]
[Result "1/2-1/2"]
[WhiteElo "2475"]
[BlackElo "2410"]

1.Nf3 Nf6 2.g3 g6 3.Bg2 Bg7 4.c4 O-O 5.O-O d6 6.d4 Nbd7 7.Nc3 e5 8.e4 exd4
9.Nxd4 Re8 10.h3 Nc5 11.Re1 a5 12.Ndb5 Nfd7 13.Be3 Ne5 14.Bxc5 dxc5 15.Qxd8 Rxd8
16.Nxc7 Rb8 17.Red1 Be6 18.Nxe6 fxe6 19.f4 Nxc4 20.e5 g5 21.Ne4 gxf4 22.gxf4 b6
23.b3 Ne3 24.Rxd8+ Rxd8 25.Ng5 Re8 26.Be4 h6 27.Nf3 Rd8 28.Re1 Rd1 29.Rxd1 Nxd1
30.a4 c4 31.bxc4 Nc3 32.Bc2 Ne2+ 33.Kf2 Nxf4 34.h4 Kf7 35.Ke3 Nh5 36.c5 bxc5
37.Kd3 Nf4+ 38.Kc4 Nd5 39.Kb5 c4 40.Kxa5 Ne3 41.Be4 c3 42.Kb5 c2 43.Bxc2 Nxc2
44.a5 Na3+ 45.Kc6 Nc2  1/2-1/2

[Event "Stribrna Skalice"]
[Site "Stribrna Skalice"]
[Date "1993.??.??"]
[Round "7"]
[White "Konopka, Michal"]
[Black "Pribyl, Martin"]
[Result "1/2-1/2"]
[WhiteElo "2380"]
[BlackElo "2265"]

1.Nf3 Nf6 2.c4 g6 3.g3 Bg7 4.Bg2 O-O 5.O-O d5 6.d4 dxc4 7.Na3 c3 8.bxc3 c5
9.e3 Nc6 10.Qe2 Bg4 11.h3 Bxf3 12.Bxf3 Qd7 13.Bg2 e5 14.dxe5 Nxe5 15.Bb2 Qd3
16.Rfe1 Rad8 17.c4 Nfd7 18.Qxd3 Nxd3 19.Bxg7 Kxg7 20.Red1 Nb6 21.Bxb7 Nb2
22.Rxd8 Rxd8 23.Kf1 Rd3 24.Rb1 N6a4 25.Nb5 Rd2 26.Ke1 Rc2 27.Be4 Rxc4 28.Nd6 Rb4
29.Kd2 f5 30.Bc2 Rb6 31.Nc8 Nc4+ 32.Kc1 Rxb1+ 33.Kxb1 Nc3+ 34.Ka1 a5 35.Bb3 Ne5
36.f4 Nd3 37.Bc4 Nf2 38.Nd6 Ncd1 39.Nb7 Nxe3 40.Be2 Ne4 41.Nxa5 Nxg3 42.Bf3 Ne4
43.Bxe4 fxe4 44.Nb7 Nd5 45.Nxc5 e3 46.Nd3 e2 47.a4 Nxf4 48.Ne1 Kf6 49.a5 Ke5
50.a6 Nd5 51.Kb2 Kd4 52.a7 Nc7 53.h4 h6 54.Kb3 g5 55.hxg5 hxg5 56.Kb4 g4
57.Ka5 Kc5 58.Ng2 g3 59.Ne1 Na8 60.Ka6 Kc6 61.Ka5 Kc5 62.Ka6 Kc6 63.Ka5 Nc7
64.Kb4 Kd5 65.Kc3 Nb5+ 66.Kd2 Nxa7 67.Kxe2 Ke4 68.Kf1 Nc6 69.Kg2 Kf4 70.Nd3+ Kg4
71.Nf2+ gxf2 72.Kxf2  1/2-1/2

[Event "Stribrna Skalice"]
[Site "Stribrna Skalice"]
[Date "1993.??.??"]
[Round "8"]
[White "Konopka, Michal"]
[Black "Sogaard, Soren"]
[Result "1-0"]
[WhiteElo "2380"]
[BlackElo "2290"]

1.Nf3 Nf6 2.c4 g6 3.g3 Bg7 4.Bg2 O-O 5.O-O d6 6.d4 c5 7.dxc5 dxc5 8.Nc3 Nc6
9.Be3 Be6 10.Qa4 Nd4 11.Rad1 Bd7 12.Qa3 Nc2 13.Qxc5 b6 14.Qg5 h6 15.Qh4 Nxe3
16.fxe3 Qc7 17.Qf4 Rac8 18.Qxc7 Rxc7 19.b3 a6 20.Ne5 Be6 21.Rd3 b5 22.cxb5 axb5
23.Nc6 Rfc8 24.Nxb5 Rxc6 25.Bxc6 Rxc6 26.Nd4 Ra6 27.Nxe6 fxe6 28.a4 e5 29.Rc1 Kf7
30.Rc5 e4 31.Rd4 h5 32.h3 Ra7 33.Rdc4 Bh6 34.Kf2 Rd7 35.a5 Rd1 36.a6 Nd5
37.Rxe4 Nxe3 38.Rxe3  1-0

[Event "FRM-ch"]
[Site "Struga"]
[Date "1993.??.??"]
[Round "10"]
[White "Sofrevski, Jovan"]
[Black "Mitkov, Marjan"]
[Result "1-0"]
[WhiteElo "2415"]
[BlackElo "2325"]

1.Nf3 Nf6 2.c4 g6 3.g3 Bg7 4.Bg2 O-O 5.O-O d6 6.Nc3 e5 7.d4 Nbd7 8.e4 exd4
9.Nxd4 Re8 10.Re1 Ng4 11.h3 Nge5 12.b3 Nc5 13.Be3 a5 14.Qc2 c6 15.Red1 Qe7
16.f4 Ned7 17.Re1 Qf8 18.Rad1 Nf6 19.Bf2 Bd7 20.Nf3 Rad8 21.g4 Bc8 22.Bh4 Rd7
23.Bg3 Rde7 24.Nd2 Nfd7 25.Ndb1 f5 26.exf5 Rxe1+ 27.Rxe1 Rxe1+ 28.Bxe1 gxf5
29.g5 Ne6 30.Ne2 Qe8 31.Bf2 Nec5 32.Bf3 h6 33.h4 hxg5 34.hxg5 Qd8 35.Be3 Na6
36.Qd2 Ndc5 37.Bd4 Ne6 38.Bxg7 Kxg7 39.Kg2 Kg8 40.Nbc3 Nac5 41.Ng3 Ng7 42.Qe3 Nce6
43.Kf2 Kf7 44.Nce2 Qh8 45.Qc3 Qd8 46.Kg2 Bd7 47.Nh5 Nxh5 48.Bxh5+ Kg8 49.Qd2 Bc8
50.Bf3 Qc7 51.Qe3 Kf8 52.Kf2 Qd8 53.Ng3 Ng7 54.Qd4 Kg8 55.Qe3 Kf8 56.Bg2 Be6
57.Qd4 Kg8 58.Ne2 Bf7 59.Ng3 Bg6 60.Bf3 Kh7 61.Be2 Kg8 62.Bd3 Kf7 63.Kg2 Bh7
64.Qe3 Bg6 65.Ne2 Ne6 66.Ng3 Ng7 67.a3 Qc7 68.b4 axb4 69.axb4 Qe7 70.Qd2 Kf8
71.Kf2 Kf7 72.Bc2 Kf8 73.Qc3 Ke8 74.Qd4 Kf8 75.Bd3 Ke8 76.Qa1 Kf7 77.Qb1 Qd7
78.Qc2 Kf8 79.Kf3 Kf7 80.Qc3 Qc7 81.c5 dxc5 82.bxc5 Kf8 83.Qa1 Qd8 84.Qc3 Qe7
85.Qd4 Ke8 86.Bc2 Kf8 87.Bb3 Ke8 88.Qa1 Kf8 89.Qb2 Ke8 90.Qc3 Kf8 91.Kf2 Bh7
92.Nh5 Bg6 93.Qxg7+ Qxg7 94.Nxg7 Kxg7 95.Be6 Kf8 96.Ke3 Ke7 97.Bc8 b5 98.cxb6 Kd6
99.b7 Kc7 100.Kd4 Bf7 101.Ke5  1-0

[Event "SWZ-chT"]
[Site "?"]
[Date "1993.??.??"]
[Round "?"]
[White "Brunner, Lucas"]
[Black "Forster, Richard"]
[Result "1-0"]
[WhiteElo "2455"]
[BlackElo "2270"]

1.Nf3 Nf6 2.c4 g6 3.g3 Bg7 4.Bg2 O-O 5.d4 d6 6.O-O Nbd7 7.Nc3 e5 8.e4 c6
9.h3 Qa5 10.Re1 exd4 11.Nxd4 Ne5 12.Bf1 Re8 13.Be3 Be6 14.Nxe6 Rxe6 15.Kg2 Rae8
16.Qb3 Qc7 17.Rad1 Ned7 18.f3 h5 19.h4 Ne5 20.Bxa7 c5 21.Bb6 Qc8 22.Nb5 d5
23.Na7 Qd7 24.Bxc5 dxe4 25.Rxd7 exf3+ 26.Qxf3 Nxf3 27.Rxe6 fxe6 28.Rxg7+ Kxg7
29.Kxf3 e5 30.Nb5 e4+ 31.Kg2 Ng4 32.Be2 e3 33.Nd6 Rf8 34.Bxg4 Rf2+ 35.Kg1  1-0

[Event "SWZ-chT"]
[Site "?"]
[Date "1993.??.??"]
[Round "?"]
[White "Von Allmen, Alain"]
[Black "Iten, Peter"]
[Result "1/2-1/2"]
[WhiteElo "2275"]
[BlackElo "2260"]

1.Nf3 Nf6 2.c4 g6 3.g3 Bg7 4.Bg2 O-O 5.O-O c6 6.d4 d5 7.Nbd2 Qb6 8.Qb3 Qxb3
9.Nxb3 dxc4 10.Na5 Nbd7 11.Nxc4 Nb6 12.Na5 Rd8 13.Bf4 Rd5 14.b4 Rb5 15.a3 Nbd5
16.Be5 Bh6  1/2-1/2

[Event "SWZ-chT"]
[Site "?"]
[Date "1993.??.??"]
[Round "?"]
[White "Hirzel, Rene"]
[Black "Nemet, Ivan"]
[Result "0-1"]
[WhiteElo "2215"]
[BlackElo "2415"]

1.Nf3 Nf6 2.c4 g6 3.g3 Bg7 4.Bg2 O-O 5.O-O d6 6.d4 Nc6 7.Nc3 a6 8.b3 Rb8
9.Bb2 b5 10.Ne1 Bd7 11.cxb5 axb5 12.Rc1 Na5 13.Nd3 c6 14.e4 Nc4 15.Ba1 Nb6
16.Qd2 Ne8 17.Qe3 Nc7 18.Rc2 Na6 19.Ne2 Qe8 20.Qd2 f5 21.e5 Nd5 22.Bxd5+ cxd5
23.f4 b4 24.a4 bxa3 25.Qa5 Bb5 26.Nec1 Ra8 27.Qd2 Qd7 28.Ra2 Nc7 29.Re1 Ne6
30.Nb4 dxe5 31.dxe5 d4 32.Ncd3 Rfc8 33.Rc1 Rxc1+ 34.Qxc1 Qb7 35.Nc5 Nxc5
36.Qxc5 e6 37.Qxd4 Bf8 38.Rc2 Qf3 39.Rc3 Qf1+  0-1

[Event "Women-Veterans"]
[Site "Vienna"]
[Date "1993.??.??"]
[Round "?"]
[White "Olafsson, Fridrik"]
[Black "Arakhamia, Ketevan"]
[Result "1/2-1/2"]
[WhiteElo "2485"]
[BlackElo "2440"]

1.Nf3 Nf6 2.c4 g6 3.g3 Bg7 4.Bg2 O-O 5.O-O d6 6.d4 Nbd7 7.Nc3 e5 8.e4 exd4
9.Nxd4 Re8 10.h3 a6 11.Rb1 Rb8 12.a4 Nc5 13.Re1 a5 14.b3 Nfd7 15.Be3 Ne5
16.Qc2 Ned3 17.Red1 Nb4 18.Qd2 Bd7 19.Kh2 h5 20.Nde2 Bc6 21.f3 Qe7 22.Bg5 Qf8
23.h4 Kh7 24.Rf1 Nbd3 25.Nf4 Ne5 26.Nfd5 f6 27.Be3 Qf7 28.Qc2 Rf8 29.Rbd1 Rbd8
30.Kh1 Be8 31.Nf4 Bd7 32.Nfd5 Bc8 33.Ne2 f5 34.Bg5 Rde8 35.Nef4 fxe4 36.fxe4 Bg4
37.Nxh5 Bxd1 38.Qxd1 Qxf1+ 39.Bxf1 Nxe4 40.Be3 gxh5 41.Qxh5+ Kg8 42.Kg2 c6
43.Nf4 Nf6 44.Qd1 Neg4 45.Bg1 Ne3+ 46.Bxe3 Rxe3 47.Bd3 Bh6 48.Nh3 d5 49.cxd5 cxd5
50.Ng5 Rc8 51.Nh7 Rc6 52.Nxf6+ Rxf6 53.Bf5 Rd6 54.g4 d4 55.g5 Bg7 56.Bd3 Be5
57.Qh5 Kf8 58.Bc4 Ke7 59.Qf7+ Kd8 60.Qxb7 Rg3+ 61.Kf2 d3 62.Bb5 Rd4 63.Qb6+ Ke7
64.Qc5+ Ke6 65.Qc8+ Kd6 66.Qc6+ Ke7 67.Qe8+ Kd6 68.Qb8+ Ke6 69.Bc4+ Kf5 70.Qc8+ Kf4
71.Qf8+ Ke4 72.Bb5 Rd6 73.Qf7  1/2-1/2

[Event "Vinkovci"]
[Site "Vinkovci"]
[Date "1993.??.??"]
[Round "4"]
[White "Lisenko, Alexander V"]
[Black "Hulak, Krunoslav"]
[Result "1-0"]
[WhiteElo "2410"]
[BlackElo "2535"]

1.c4 Nf6 2.g3 g6 3.Bg2 Bg7 4.Nf3 O-O 5.O-O d5 6.d4 dxc4 7.Na3 c3 8.bxc3 c5
9.e3 Nc6 10.Nc4 Be6 11.Nfe5 Nd5 12.Nxc6 bxc6 13.Qd3 cxd4 14.cxd4 c5 15.Ba3 cxd4
16.exd4 Rc8 17.Rac1 Qd7 18.Bc5 Nf4 19.gxf4 Rxc5 20.Ne5 Bxe5 21.Rxc5 Bxd4
22.Rd1 Rd8 23.Rd5 Bxd5 24.Qxd4 Qg4 25.f3 Qd7 26.h4 Qd6 27.Qxa7 Qf6 28.Rxd5 Rf8
29.Qd4 Qxh4 30.Rd8 Qe1+ 31.Kh2 Rxd8 32.Qxd8+ Kg7 33.Qd4+ f6 34.Qe4 Qh4+ 35.Kg1 Kf8
36.a4 Qh5 37.Bf1 Qc5+ 38.Kg2 f5 39.Qc4 Qa3 40.Qc8+ Kg7 41.Qc4 Kh6 42.Qd4 Qa2+
43.Kg3 Qb1 44.Kf2 Qa2+ 45.Be2 Qa3 46.Qa7 Kh5 47.a5 Kh4 48.Qe3 Qb4 49.Kg2 g5
50.Qb6  1-0